00879 2200193 4500245007500000020002200075250001100097100002300108700001000131650002300141005001900164260004100183041001400224084001000238300002200248500039500270336000900665338001100674 aNaruto b : Innocent Heart , Demonic BloodcKishimoto, MasashihText a978-602-04-7917-0 aCet. 1 aKishimoto, Masashi aFitri aNovel Fiksi Jepang a20231012090827 aJakartabElex Media Komputindoc2018 aIndonesia a895.6 a298 hlm. :cilus. aNaruto yang memiliki prestasi akademik buruk tapi memiliki mimpi besar itu berhasil lulus daei akademi ninja.Ini langkah pertamanya sebagai seorang ninja!Saat sedang bersemangat karena diminta melakukan misi besar pertama nerupa pengawalan,musuh luar biasa kuat yang ditakuti sebagai iblis menyerang mereka di tengah perjalanan!! Apakah naruto dan rekan rekannya memiliki kesempatan menang? atext avolume